Normal view
MARC view
Entry Topical Term
001 - CONTROL NUMBER
- control field: 139
003 - CONTROL NUMBER IDENTIFIER
- control field: OSt
005 - DATE AND TIME OF LATEST TRANSACTION
- control field: 20110406155625.0
008 - FIXED-LENGTH DATA ELEMENTS
- fixed length control field: 110406|||a|||||| | ||| d
040 ## - CATALOGING SOURCE
- Original cataloging agency: OSt
- Transcribing agency: OSt
150 ## - HEADING--TOPICAL TERM
- Topical term or geographic name as entry element: Law
- General subdivision: Methodology.
670 ## - SOURCE DATA FOUND
- Source citation: Work cat.: (OSt)0: Farrar, John H. (John Hynes) 136, Introduction to legal method /, 1977.
